00335nam a22000977a 4500008004100000050001300041245009800054260003900152300001700191700002900208160907b xxu||||| |||| 00| 0 eng d a196/2008 aDesign and implementation of an Electronic Tutorial system (e-tutor)cAlajoh Adetola Abimbola aAccra:bWisconsin Int. Univ.c2008 avarious pgs. aAbimbola Alajoh Adetola